Múzeum a galéria fotografie (Museum and Gallery of Photography)

Enregistré dans:
Détails bibliographiques
Auteur principal: Fekiač, Matej (Auteur)
Autres auteurs: Andráš, Milan (Directeur de thèse)
Format: Manuscrit Livre
Langue:slovaque
Publié: Bratislava 2016
Sujets:
Accès en ligne:http://is.stuba.sk/zp/portal_zp.pl?podrobnosti=102864
Tags: Ajouter un tag
Pas de tags, Soyez le premier à ajouter un tag!

MARC

LEADER 00000ntm a22000003a 4500
001 stuzp57420
003 SK-STU
005 20210222083811.8
007 ta
008 150427s2015----xo-----f-mn---000-0-slo-d
040 |a STU  |b slo 
041 0 |a slo 
100 1 |a Fekiač, Matej  |u 058180  |4 aut  |U FAD Fakulta architektúry  |T FA Ústav architektúry občianskych budov  |X 70274  |U A8180  |Y 399  |7 70274 
242 0 1 |a Museum and Gallery of Photography  |y eng 
245 1 0 |a Múzeum a galéria fotografie (Museum and Gallery of Photography) 
260 |c 2016  |a Bratislava 
650 4 |a fotografia  |2 slo 
650 4 |a územné konanie  |2 slo 
650 4 |a technické riešenie  |2 slo 
650 4 |a technical solution  |2 eng 
650 4 |a area management  |2 eng 
650 4 |a Photography  |2 eng 
700 1 |a Andráš, Milan  |u 058180  |k Z1  |4 ths  |U FAD Fakulta architektúry  |T FA Ústav architektúry občianskych budov  |X 4208  |U A8180  |Y 399  |7 A000004208 
856 4 |u http://is.stuba.sk/zp/portal_zp.pl?podrobnosti=102864  |u https://opac.crzp.sk/?fn=detailBiblioForm&sid=28C7416B5E23CF19957F79CEF8E1 
SQL |a stuzp57420  |b DBP  |c SLO  |d Múzeum a galéria fotografie (Museum and Gallery of Photography)  |e 70274  |f Fekiač, Matej  |g 058180  |h 4208  |i Andráš, Milan  |j 20160609  |k 149  |l 05  |m http://is.stuba.sk/zp/portal_zp.pl?podrobnosti=102864  |n B-AU  |o 5.1.1. architektúra a urbanizmus